Football: Pays Champions d'Amérique du Nord, Centrale et Caraïbes (Gold Cup) (Hommes et Femmes) - Statistiques

Statistiques générales
  • Ce quiz a été pris 182 fois
  • Le résultat moyen est 6 sur 7
Statistiques - réponses
Réponse % Correct
Etats-Unis
100%
Mexique
100%
Canada
98%
Costa Rica
92%
Honduras
88%
Guatemala
76%
Haïti
76%
Aucun quiz correspondant
Distribution des résultats
% des personnes avec chaque résultat
Percentile par nombre de réponses
Votre historique - résultats
Vous n’avez pas pris ce quiz